000 00742nam a22002537a 4500
008 240821b mp ||||| |||| 00| 0 mon d
020 _a978-99929-0-904-8
035 _a2574
040 _aDXO45059
_bmon
_cMN-UlNLM
_dMN-UlNLM
_erda
041 _amon
082 _210-t
_a891.7 3
_bС.29
100 _aВадим Селин
245 0 _aТэнгисийн охин
245 0 _b0
245 0 _c/Орч.С.Дэлгэрмаа
264 _aУБ
_bМонсудар хэвлэлийн газар
_c2009
300 _a184х.
336 _2rdacontent
_atext
_btxt
337 _2rdamedia
_aunmediated
_bn
338 _2rdacarrier
_avolume
_bnc
505 _tтэнгисийн охин; 0; 0; 0; 0
650 _a5650
942 _210-t
_cBK
999 _c1127934
_d1127991